| 000 | 00949nam a22002297a 4500 | ||
|---|---|---|---|
| 999 |
_c15511 _d15511 |
||
| 003 | AR-CdUCM | ||
| 008 | 190429b ||||| |||| 00| 0 spa d | ||
| 040 |
_aMUNICIPALIDAD PROVINCIAL DEL CUSCO _cBIBLIOTECA MUNICIPAL DEL CUSCO |
||
| 041 | _heng | ||
| 082 |
_a150 / _bW96 / 1909 |
||
| 100 |
_aWundt, Guillermo _934608 |
||
| 245 | _aCompendio de psicología / | ||
| 260 |
_aMadrid : _bLa España Moderna, _c[1909]. |
||
| 300 |
_a455 páginas ; _c22 cm. |
||
| 440 |
_aBiblioteca de jurisprudencia, filosofía e historia ; _928511 |
||
| 505 | _aContenido: Objeto de la psicología -- Direcciones generales de la psicología -- Elementos psíquicos -- Formaciones psíquicas -- Conexiones de las formaciones psíquicas -- Causalidad psíquica y sus leyes. | ||
| 650 |
_aPsicología general _934609 |
||
| 650 |
_aEstudio y enseñanza _92610 |
||
| 700 |
_aGonzalez Alonso, J. (traducción) _934610 |
||
| 942 |
_2ddc _cLIBROS |
||
| 945 |
_aacv _d2019-04-29 |
||